00782cam a22002293a 45000010005000000030006000050050017000110080041000280400015000690420007000840500011000911000029001022450141001312600029002725060030003015160020003316530042003516530047003936530043004408300028004838560041005111236PGUSA20140828082958.0060211s2006||||xxu|||||s|||||000 | eng d aPGUSAbeng adc 4aF590.31 aBrooks, Noah,d1830-190310aFirst Across the Continent :bThe Story of the Exploring Expedition of Lewis and Clark in 1804-5-6h[electronic resource] /cNoah Brooks bProject Gutenberg,c2006 aPublic domain in the USA. aElectronic text aWest (U.S.) -- Description and travel aUnited States -- Discovery and exploration aLewis and Clark Expedition (1804-1806) 0aProject Gutenbergv123640uhttp://www.gutenberg.org/ebooks/1236